KALYAN SHRIMAD BHAGWAT KATHA (Record no. 54195)
[ view plain ]
| 000 -LEADER | |
|---|---|
| fixed length control field | 00349nam a22001457a 4500 |
| 003 - CONTROL NUMBER IDENTIFIER | |
| control field | OSt |
| 005 - DATE AND TIME OF LATEST TRANSACTION | |
| control field | 20230614100753.0 |
| 008 - FIXED-LENGTH DATA ELEMENTS--GENERAL INFORMATION | |
| fixed length control field | 220729b xxu||||| |||| 00| 0 eng d |
| 040 ## - CATALOGING SOURCE | |
| Transcribing agency | IIMT UNIVERSITY, MEERUT |
| 100 ## - MAIN ENTRY--PERSONAL NAME | |
| Personal name | GEETA PRESS |
| 245 ## - TITLE STATEMENT | |
| Title | KALYAN SHRIMAD BHAGWAT KATHA |
| 260 ## - PUBLICATION, DISTRIBUTION, ETC. | |
| Place of publication, distribution, etc. | GEETA PRESS |
| Name of publisher, distributor, etc. | GORAKHPUR |
| 300 ## - PHYSICAL DESCRIPTION | |
| Extent | 426 |
| 942 ## - ADDED ENTRY ELEMENTS (KOHA) | |
| Source of classification or shelving scheme | |
| Koha item type | Specimen |
No items available.

